Javanese Numerals - Statistics

General Stats
  • This quiz has been taken 41 times
  • The average score is 3 of 10
Answer Stats
Hint Answer % Correct
0
83%
2
31%
3
28%
1
25%
4
25%
7
25%
8
22%
5
19%
6
17%
9
14%
No matching quizzes found
Score Distribution
Percent of People with Each Score
Percentile by Number Answered
Your Score History
You have not taken this quiz